<?xml version="1.0" encoding="UTF-8"?><?xml-stylesheet type="text/xsl" href="static/style.xsl"?><OAI-PMH xmlns="http://www.openarchives.org/OAI/2.0/" xmlns:xsi="http://www.w3.org/2001/XMLSchema-instance" xsi:schemaLocation="http://www.openarchives.org/OAI/2.0/ http://www.openarchives.org/OAI/2.0/OAI-PMH.xsd"><responseDate>2026-04-13T04:12:44Z</responseDate><request verb="GetRecord" identifier="oai:www.recercat.cat:11351/12222" metadataPrefix="marc">https://recercat.cat/oai/request</request><GetRecord><record><header><identifier>oai:recercat.cat:11351/12222</identifier><datestamp>2025-10-24T08:53:43Z</datestamp><setSpec>com_2072_378070</setSpec><setSpec>com_2072_378040</setSpec><setSpec>com_2072_378071</setSpec><setSpec>col_2072_378092</setSpec><setSpec>col_2072_378097</setSpec></header><metadata><record xmlns="http://www.loc.gov/MARC21/slim" xmlns:dcterms="http://purl.org/dc/terms/" xmlns:xsi="http://www.w3.org/2001/XMLSchema-instance" xmlns:doc="http://www.lyncode.com/xoai" xsi:schemaLocation="http://www.loc.gov/MARC21/slim http://www.loc.gov/standards/marcxml/schema/MARC21slim.xsd">
   <leader>00925njm 22002777a 4500</leader>
   <datafield ind2=" " ind1=" " tag="042">
      <subfield code="a">dc</subfield>
   </datafield>
   <datafield ind2=" " ind1=" " tag="720">
      <subfield code="a">Lembo, Maria</subfield>
      <subfield code="e">author</subfield>
   </datafield>
   <datafield ind2=" " ind1=" " tag="720">
      <subfield code="a">Joshi, Shruti Shree</subfield>
      <subfield code="e">author</subfield>
   </datafield>
   <datafield ind2=" " ind1=" " tag="720">
      <subfield code="a">Geers, Jolien</subfield>
      <subfield code="e">author</subfield>
   </datafield>
   <datafield ind2=" " ind1=" " tag="720">
      <subfield code="a">Bing, Rong</subfield>
      <subfield code="e">author</subfield>
   </datafield>
   <datafield ind2=" " ind1=" " tag="720">
      <subfield code="a">Carnevale, Lorenzo</subfield>
      <subfield code="e">author</subfield>
   </datafield>
   <datafield ind2=" " ind1=" " tag="720">
      <subfield code="a">Pawade, Tania A.</subfield>
      <subfield code="e">author</subfield>
   </datafield>
   <datafield ind2=" " ind1=" " tag="720">
      <subfield code="a">Guala, Andrea</subfield>
      <subfield code="e">author</subfield>
   </datafield>
   <datafield ind2=" " ind1=" " tag="720">
      <subfield code="a">Rodríguez Palomares, José F</subfield>
      <subfield code="e">author</subfield>
   </datafield>
   <datafield ind2=" " ind1=" " tag="720">
      <subfield code="a">Ruiz Muñoz, Aroa</subfield>
      <subfield code="e">author</subfield>
   </datafield>
   <datafield ind2=" " ind1=" " tag="720">
      <subfield code="a">Dux-Santoy Hurtado, Lydia</subfield>
      <subfield code="e">author</subfield>
   </datafield>
   <datafield ind2=" " ind1=" " tag="720">
      <subfield code="a">Teixido-Tura, Gisela</subfield>
      <subfield code="e">author</subfield>
   </datafield>
   <datafield ind2=" " ind1=" " tag="720">
      <subfield code="a">Galian-Gay, Laura</subfield>
      <subfield code="e">author</subfield>
   </datafield>
   <datafield ind2=" " ind1=" " tag="260">
      <subfield code="c">2024-11-14T08:48:52Z</subfield>
   </datafield>
   <datafield ind2=" " ind1=" " tag="260">
      <subfield code="c">2024-11-14T08:48:52Z</subfield>
   </datafield>
   <datafield ind2=" " ind1=" " tag="260">
      <subfield code="c">2024-11</subfield>
   </datafield>
   <datafield ind2=" " ind1=" " tag="520">
      <subfield code="a">Aortic valve stenosis; Fibrocalcific volume; Gaussian mixture model</subfield>
   </datafield>
   <datafield ind2=" " ind1=" " tag="520">
      <subfield code="a">Estenosis de la válvula aórtica; Volumen fibrocalcificado; Modelo de mezcla gaussiana</subfield>
   </datafield>
   <datafield ind2=" " ind1=" " tag="520">
      <subfield code="a">Estenosi de la vàlvula aòrtica; Volum fibrocalcificat; Model de mescla gaussiana</subfield>
   </datafield>
   <datafield ind2=" " ind1=" " tag="520">
      <subfield code="a">Background&#xd;
Aortic stenosis (AS) is characterized by calcification and fibrosis. The ability to quantify these processes simultaneously has been limited with previous imaging methods.&#xd;
Objectives&#xd;
The purpose of this study was to evaluate the aortic valve fibrocalcific volume by computed tomography (CT) angiography in patients with AS, in particular, to assess its reproducibility, association with histology and disease severity, and ability to predict/track progression.&#xd;
Methods&#xd;
In 136 patients with AS, fibrocalcific volume was calculated on CT angiograms at baseline and after 1 year. CT attenuation distributions were analyzed using Gaussian-mixture-modeling to derive thresholds for tissue types enabling the quantification of calcific, noncalcific, and fibrocalcific volumes. Scan-rescan reproducibility was assessed and validation provided against histology and in an external cohort.&#xd;
Results&#xd;
Fibrocalcific volume measurements took 5.8 ± 1.0 min/scan, demonstrating good correlation with ex vivo valve weight (r = 0.51; P &lt; 0.001) and excellent scan-rescan reproducibility (mean difference −1%, limits of agreement −4.5% to 2.8%). Baseline fibrocalcific volumes correlated with mean gradient on echocardiography in both male and female participants (rho = 0.64 and 0.69, respectively; both P &lt; 0.001) and in the external validation cohort (n = 66, rho = 0.58; P &lt; 0.001). The relationship was driven principally by calcific volume in men and fibrotic volume in women. After 1 year, fibrocalcific volume increased by 17% and correlated with progression in mean gradient (rho = 0.32; P = 0.003). Baseline fibrocalcific volume was the strongest predictor of subsequent mean gradient progression, with a particularly strong association in female patients (rho = 0.75; P &lt; 0.001).&#xd;
Conclusions&#xd;
The aortic valve fibrocalcific volume provides an anatomic assessment of AS severity that can track disease progression precisely. It correlates with disease severity and hemodynamic progression in both male and female patients.</subfield>
   </datafield>
   <datafield ind2=" " ind1=" " tag="520">
      <subfield code="a">The SALTIRE 2 trial was funded by the British Heart Foundation (FS/14/78/31020). This work was partially supported by a grant from the Korea Health Technology R and D Project through the Korea Health Industry Development Institute, funded by the Ministry of Health and Welfare, Republic of Korea (grant number HI22C0154 to Dr Lee). Dr Joshi has received funding from the British Heart Foundation through a Clinical Research Training Fellowship and Research Excellence Award (FS/CRTF/20/24087 and RE/18/5/34216). Dr Williams is supported by the British Heart Foundation (FS/ICRF/20/26002); and has given talks for Canon Medical Systems, Siemens Healthineers and Novartis. Dr Newby is supported by the British Heart Foundation (CH/09/002, RG/20/10/34966, RE/18/5/34216, CH/F/21/90010); and is the recipient of a Wellcome Trust Senior Investigator Award (WT103782AIA). Dr Dweck is supported by the British Heart Foundation (FS/SCRF/21/32010); is the recipient of the Sir Jules Thorn Award for Biomedical Research 2015 (15/JTA); has received speaker fees from Pfizer, Radcliffe Cardiology, Bristol Myers Squibb, Edwards, and Novartis; has received consultancy fees from Novartis, Jupiter Bioventures, Beren, and Silence therapeutics; and is Director of the Imaging Corelab at the University of Edinburgh. All other authors have reported that they have no relationships relevant to the contents of this paper to disclose.</subfield>
   </datafield>
   <datafield ind1="8" ind2=" " tag="024">
      <subfield code="a">http://hdl.handle.net/11351/12222</subfield>
   </datafield>
   <datafield tag="653" ind2=" " ind1=" ">
      <subfield code="a">Fibrosi</subfield>
   </datafield>
   <datafield tag="653" ind2=" " ind1=" ">
      <subfield code="a">Calci - Metabolisme - Trastorns</subfield>
   </datafield>
   <datafield tag="653" ind2=" " ind1=" ">
      <subfield code="a">Angiografia</subfield>
   </datafield>
   <datafield tag="653" ind2=" " ind1=" ">
      <subfield code="a">Vàlvula aòrtica - Estenosi - Imatgeria</subfield>
   </datafield>
   <datafield tag="653" ind2=" " ind1=" ">
      <subfield code="a">DISEASES::Cardiovascular Diseases::Heart Diseases::Heart Valve Diseases::Aortic Valve Stenosis</subfield>
   </datafield>
   <datafield tag="653" ind2=" " ind1=" ">
      <subfield code="a">Other subheadings::Other subheadings::Other subheadings::/diagnostic imaging</subfield>
   </datafield>
   <datafield tag="653" ind2=" " ind1=" ">
      <subfield code="a">ANALYTICAL, DIAGNOSTIC AND THERAPEUTIC TECHNIQUES, AND EQUIPMENT::Diagnosis::Diagnostic Techniques and Procedures::Diagnostic Imaging::Image Interpretation, Computer-Assisted::Tomography, X-Ray Computed::Computed Tomography Angiography</subfield>
   </datafield>
   <datafield tag="653" ind2=" " ind1=" ">
      <subfield code="a">DISEASES::Nutritional and Metabolic Diseases::Metabolic Diseases::Calcium Metabolism Disorders::Calcinosis</subfield>
   </datafield>
   <datafield tag="653" ind2=" " ind1=" ">
      <subfield code="a">DISEASES::Pathological Conditions, Signs and Symptoms::Pathologic Processes::Fibrosis</subfield>
   </datafield>
   <datafield tag="653" ind2=" " ind1=" ">
      <subfield code="a">ENFERMEDADES::enfermedades cardiovasculares::enfermedades cardíacas::enfermedades de las válvulas cardíacas::estenosis de la válvula aórtica</subfield>
   </datafield>
   <datafield tag="653" ind2=" " ind1=" ">
      <subfield code="a">Otros calificadores::Otros calificadores::Otros calificadores::/diagnóstico por imagen</subfield>
   </datafield>
   <datafield tag="653" ind2=" " ind1=" ">
      <subfield code="a">TÉCNICAS Y EQUIPOS ANALÍTICOS, DIAGNÓSTICOS Y TERAPÉUTICOS::diagnóstico::técnicas y procedimientos diagnósticos::diagnóstico por imagen::interpretación de imágenes asistida por ordenador::tomografía computarizada por rayos X::angiografía por tomografía computarizada</subfield>
   </datafield>
   <datafield tag="653" ind2=" " ind1=" ">
      <subfield code="a">ENFERMEDADES::enfermedades nutricionales y metabólicas::enfermedades metabólicas::trastornos del metabolismo del calcio::calcinosis</subfield>
   </datafield>
   <datafield tag="653" ind2=" " ind1=" ">
      <subfield code="a">ENFERMEDADES::afecciones patológicas, signos y síntomas::procesos patológicos::fibrosis</subfield>
   </datafield>
   <datafield ind2="0" ind1="0" tag="245">
      <subfield code="a">Quantitative Computed Tomography Angiography for the Evaluation of Valvular Fibrocalcific Volume in Aortic Stenosis</subfield>
   </datafield>
</record></metadata></record></GetRecord></OAI-PMH>